Statistiques concernant Personnalités nées dans les années 1920 par images

Cliquez ici pour prendre le quiz!

Statistiques générales

  • Ce quiz a été pris 6 386 fois
    (5 615 depuis la dernière actualisation)
  • Le résultat moyen est 14 sur 20

Statistiques - réponses

Réponse% Correct
Elisabeth II
98%
Jean-Marie Le Pen
91%
Marilyn Monroe
91%
Martin Luther King
89%
Anne Frank
87%
Simone Veil
86%
Charles Aznavour
84%
Valéry Giscard d’Estaing
84%
Che Guevara
82%
Fidel Castro
74%
Jean-Paul II
71%
Jacques Brel
67%
Margaret Thatcher
63%
George H. W. Bush
62%
Line Renaud
59%
Georges Brassens
56%
Michel Galabru
42%
Liliane Bettencourt
32%
Yves Montand
30%
Rainier III
21%

Distribution des résultats

Percentile par nombre de réponses

% des personnes avec chaque résultat

Votre développement - résultats

Vous n’avez pas pris ce quiz depuis la dernière actualisation